०६९ दिशा : मे २००३ (Record no. 827617)

MARC details
000 -LEADER
fixed length control field 01008nam a22001817a 4500
003 - CONTROL NUMBER IDENTIFIER
control field OSt
005 - DATE AND TIME OF LATEST TRANSACTION
control field 20120303100153.0
008 - FIXED-LENGTH DATA ELEMENTS--GENERAL INFORMATION
fixed length control field 110124t xxu||||| |||| 00| 0 eng d
040 ## - CATALOGING SOURCE
Transcribing agency VPM, Thane
100 ## - MAIN ENTRY--PERSONAL NAME
Personal name पाठक, मोहन
9 (RLIN) 197
245 ## - TITLE STATEMENT
Title ०६९ दिशा : मे २००३
260 ## - PUBLICATION, DISTRIBUTION, ETC. (IMPRINT)
Place of publication, distribution, etc ठाणे
Name of publisher, distributor, etc विद्या प्रसारक मंडळ
Date of publication, distribution, etc २००३
300 ## - PHYSICAL DESCRIPTION
Extent ४०
520 ## - SUMMARY, ETC.
Summary, etc पाठक, मोहन; मठ, शं. बा.; शिंदे, गीतेश; भिडे, आशा; गांगल, वैदेही; मोहीते, छाया; तडस, पल्लवी
600 ## - SUBJECT ADDED ENTRY--PERSONAL NAME
Personal name पाठक, मोहन; मठ, शं. बा.; शिंदे, गीतेश; भिडे, आशा; गांगल, वैदेही; मोहीते, छाया; तडस, पल्लवी
9 (RLIN) 198
856 ## - ELECTRONIC LOCATION AND ACCESS
Uniform Resource Identifier <a href="http://dspace.vpmthane.org:8080/jspui/bitstream/123456789/640/1/069dishaMay2003.pdf">http://dspace.vpmthane.org:8080/jspui/bitstream/123456789/640/1/069dishaMay2003.pdf</a>
942 ## - ADDED ENTRY ELEMENTS (KOHA)
Source of classification or shelving scheme Dewey Decimal Classification
Koha item type E-Journal
Holdings
Withdrawn status Lost status Source of classification or shelving scheme Damaged status Not for loan Home library Current library Date acquired Total Checkouts Barcode Date last seen Uniform Resource Identifier Price effective from Koha item type
    Dewey Decimal Classification     VPM Digital Repository VPM Digital Repository 01/24/2011   VPMDIGI-JN69 01/24/2011 http://dspace.vpmthane.org:8080/jspui/bitstream/123456789/640/1/069dishaMay2003.pdf 01/24/2011 E-Journal